000 00473nam a2200181Ia 4500
008 230524s9999 xx 000 0 und d
020 _a9788131722244
082 _a658.132
_bKOT
100 _aPhilip Kotler
245 0 _a"Marketing for Hospitality and Tourism,"
250 _a4TH
260 _aNEW DELHI
_bPearson
_c2008
300 _aXII;945
500 _aQuantity Number: 2
650 _aManagement
700 _a" John T.Bowen , James C.Makens,,,"
942 _cBK
999 _c45556
_d45556